000
00245nam a22000977a 4500
999
_c
11764
_d
11764
008
200128b ||||| |||| 00| 0 eng d
020
_a
9789389604832
100
_a
Philip Vasanthan
_9
7449
245
_a
Tilt the Iceberg
260
_a
India
_b
Buuks
_c
2019